| 000 | 00627nam a2200193Ia 4500 | ||
|---|---|---|---|
| 003 | GCL | ||
| 008 | 140319s9999 xx 000 0 ara d | ||
| 040 |
_aGCL / _cGCL |
||
| 082 | 0 | 4 |
_a248.2 _bم د |
| 100 | 1 | _aمحمد عبدالحميد الحمد | |
| 245 | 1 | 0 |
_aالديانة اليزيدية بين الاسلام والمانوية / _cمحمد عبدالحميد الحمد |
| 260 |
_aالقاهرة : _bالمؤلف ، _c2001 |
||
| 300 |
_a270 ص ؛ _c24 سم |
||
| 650 | 0 | 4 | _aالخوارج |
| 650 | 0 | 4 | _aالفرق الاسلامية |
| 650 | 0 | 4 | _aالاباضية |
| 650 | 0 | 4 | _aاليزيدية |
| 942 |
_2ddc _cBK |
||
| 999 |
_c9900 _d9900 |
||